Modeling Economic Growth in Contemporary India (Record no. 8550)

MARC details
000 -LEADER
fixed length control field 00341nam a2200133Ia 4500
008 - FIXED-LENGTH DATA ELEMENTS--GENERAL INFORMATION
fixed length control field 260604s9999 xx 000 0 und d
020 ## - INTERNATIONAL STANDARD BOOK NUMBER
International Standard Book Number 9781803827520
082 ## - DEWEY DECIMAL CLASSIFICATION NUMBER
Classification number 330 SER
100 ## - MAIN ENTRY--PERSONAL NAME
Personal name Bruno s. sergi
9 (RLIN) 35724
245 #0 - TITLE STATEMENT
Title Modeling Economic Growth in Contemporary India
260 ## - PUBLICATION, DISTRIBUTION, ETC.
Name of publisher, distributor, etc. Emerald
500 ## - GENERAL NOTE
General note Economy, Development
942 ## - ADDED ENTRY ELEMENTS (KOHA)
Koha item type Book
Holdings
Date last seen Total Checkouts Full call number Barcode Cost, replacement price Price effective from Koha item type Lost status Damaged status Not for loan Withdrawn status Home library Current library Shelving location Date acquired Cost, normal purchase price BOOK NO
06/04/2026   330 SER 004168 10068.25 06/04/2026 Book         Indian Institute of Management Visakhapatnam Indian Institute of Management Visakhapatnam   06/04/2026 10068.25 SER

Copyright © 2024 Indian Institute of Management Visakhapatnam
Koha v23.05